| 000 | 01154nam a22003737a 4500 | ||
|---|---|---|---|
| 001 | 0071265 | ||
| 003 | KOHA_MİRAKIL | ||
| 005 | 20260207005002.0 | ||
| 007 | ta | ||
| 008 | 240731b2018 tu |||gr||||#0|||0|tur | | ||
| 020 | _a9786054908240 | ||
| 040 |
_aTR-BiSEU _btur _cTR-BiSEU _erda |
||
| 041 | 0 | _atur | |
| 044 | _ctu | ||
| 050 |
_aRM182 _b.D89 2018 |
||
| 100 | 1 | _aDüzgün, Özgür. | |
| 245 | 1 |
_aSülük tedavisi: ruhsal ve fiziksel hastalıklarda geleneksel tedavi/ _cÖzgür Düzgün ; Özgür Düzgün. |
|
| 250 | _a2. Baskı | ||
| 264 | 1 |
_aİstanbul : _bMercan Kitap _c2018 |
|
| 300 | _a208 sayfa: resim; 21 cm. | ||
| 336 |
_ametin _btxt _2rdacontent |
||
| 337 |
_aaracısız _bn _2rdamedia |
||
| 338 |
_acilt _bnc _2rdacarrier |
||
| 490 | 1 |
_aMercan Kitap ; _v26. |
|
| 490 | 1 |
_aAraştırma-İnceleme ; _v16 |
|
| 650 | 0 |
_aSülükler--Tedavide kullanım. _9140132 |
|
| 650 | 0 |
_aAlternatif tıp. _974275 |
|
| 650 | 0 |
_aLeeches--Therapeutic use. _991033 |
|
| 650 | 0 |
_aAlternative medicine. _974276 |
|
| 830 | 1 |
_aMercan Kitap ; _v26. _9140133 |
|
| 830 | 1 |
_aAraştırma-İnceleme ; _v16 _96252 |
|
| 907 | _aTıp | ||
| 942 |
_2lcc _cBK |
||
| 999 |
_c72019 _d72019 |
||